[Event "RUS-chT B4 corr"]
[Site "Russia"]
[Date "1996.??.??"]
[Round "?"]
[White "Likhoded, Viktor"]
[Black "Platonov, Evgeny G"]
[Result "0-1"]
[WhiteElo "2108"]
[BlackElo "2255"]
[PlyCount "88"]
[EventDate "1996.??.??"]
[EventType "team-tourn (corr)"]
[EventRounds "18"]
[EventCountry "RUS"]
[SourceTitle "Corr 2011"]
[Source "ChessBase"]
[SourceDate "2010.08.31"]
[SourceVersion "1"]
[SourceVersionDate "2010.08.31"]
[SourceQuality "1"]

1. d4 Nf6 2. c4 e6 3. g3 d5 4. Bg2 dxc4 5. Qa4+ Bd7 6. Qxc4 Bc6 7. Nf3 Bd5 8. Qd3 Be4 9. Qd2 c5 10. Nc3 Bc6 11. 0-0 Nbd7 12. a3 Be7 13. Rd1 Qb6 14. e3 0-0 15. Qc2 cxd4 16. Rxd4 Rac8 17. b4 Nd5 18. Rc4 Nxc3 19. Qxc3 Bf6 20. Nd4 Ne5 21. Rc5 Rcd8 22. Bb2 Nf3+ 23. Bxf3 Bxf3 24. Qc2 Bxd4 25. Bxd4 Qd6 26. Be5 Qe7 27. Rc1 b6 28. Rc4 Rd7 29. Rf4 Bb7 30. Rh4 h6 31. Rg4 f6 32. Bb2 e5 33. Rc4 Rfd8 34. e4 Rd2 35. Qb1 Qd7 36. Re1 Qg4 37. Rc3 Rxf2 38. Bc1 Re2 39. Re3 Rxe3 40. Bxe3 Bxe4 41. Qa2+ Bd5 42. Qf2 Qe4 43. Kf1 Rc8 44. Bc1 Qd3+ 0-1